| 000 | 00579 a2200169 4500 | ||
|---|---|---|---|
| 003 | NUST | ||
| 038 | _aa | ||
| 082 | _aMIT-2 | ||
| 100 |
_aHafiz Muhammad Fahad _993107 |
||
| 245 |
_a A Multiagent Intelligent Road Traffic Management using Peer-Peer Architecture _cHafiz Muhammad Fahad |
||
| 260 |
_aIslamabad, _bNUST School of Electrical Engineering & Computer Science, _c2004. |
||
| 300 |
_a xv, 62 p. _b: ill. _c; 27 cm. |
||
| 500 | _aSupervisor : Mr. Shahzad Khan. | ||
| 563 | _aa | ||
| 856 | _uhttp://10.250.8.41:8080/xmlui/handle/123456789/8009 | ||
| 942 |
_cTHE _k MIT-2 FAH _2ddc |
||
| 999 |
_c9353 _d9353 |
||